| 000 | 01927nam a2200445 a 4500 | ||
|---|---|---|---|
| 999 |
_c153234 _d153234 |
||
| 003 | BLK | ||
| 005 | 20240227092254.0 | ||
| 008 | 180410b bul|||||r ||||||| ||bul|| | ||
| 010 | _aKNG00159763000 | ||
| 020 | _a978-954-771-283-6 | ||
| 040 | _aBLK | ||
| 041 |
_aBUL _cBUL |
||
| 072 | 7 |
_2bullib _aН15 _xПсихология Н |
|
| 080 |
_aПамет. Усвояване - Видове памет. Процеси на помненето:асоциация, репродукция, идентификация. Мнемотехника. Учене. Усвояване. Забравяне. Недостатъци на паметта _b159.953 _z159.953 |
||
| 100 | 1 |
_aДжоунс, Мари Д. _eпърви автор _9302625 |
|
| 139 |
_aДжоунс, Мари Д. и др. _bД 52 |
||
| 245 | 1 | 0 |
_aФеноменът дежа вю _cМари Д. Джоунс; съавт. Лари Флаксман; прев. Людмила Маринова Андреева. |
| 257 | _aUSA | ||
| 260 |
_aСофия _bКръгозор _c2012 _fСофия : Експертпринт |
||
| 300 |
_a263 с. _bс ил. _c21 см |
||
| 380 | _a1 | ||
| 500 | _aОриг. загл.: The deja vu enigma / Marie D. Jones, Larry Flaxman. | ||
| 650 | 4 |
_aПамет _9165565 |
|
| 650 | 4 |
_aПсихика _9168281 |
|
| 650 | 4 |
_aПарапсихология _9165687 |
|
| 653 | _aпсихика | ||
| 653 | _aпамет | ||
| 653 | _aсъзнание | ||
| 653 | _aпарапсихология | ||
| 659 | _aН | ||
| 700 | 1 |
_aФлаксман, Лари _eсъавт. _9134359 |
|
| 700 | 1 |
_aАндреева, Людмила Маринова _9365194 |
|
| 852 | _aЦб 268407 | ||
| 856 | 4 |
_qpdf _i0.00 _ldisable |
|
| 856 | 4 |
_qpdf _i0.00 _ldisable |
|
| 942 |
_cKNG _n0 _s1 _02 |
||
| 944 |
_aCR _c16.04.2014 _k30531 _lЦветелина Шанова |
||
| 944 |
_aED _c12.01.2015 _kГрета_Цуфелде |
||
| 999 | _d153234 | ||